Veggie food for kids

Bibliographic Details
Main Author: Lewis, Sara
Format: Book
Language:English
Published: London Hamlyn 2001
Subjects:
LEADER 00548cam a2200193 a 4500
001 0000131928
005 20120410090000.0
040 |a mod 
041 |a eng 
020 |a 0600602117 
090 0 0 |a 641.65  |b LEW  |e 2001 
100 1 |a Lewis, Sara 
245 1 0 |a Veggie food for kids  |c Sara Lewis 
260 |a London  |b Hamlyn  |c 2001 
300 |a 144 p.  |b col. ill.  |c 24 cm 
650 0 0 |a Vegetarian cooking 
650 0 0 |a Children Nutrition 
852 0 0 |a 01 
999 |a B000017531  |b MK Pemerintahan Medan Barat TD  |d BOOKS  |e Umum  |f Markas Medan Sg. Besi KL  |j AVAILABLE  |q GOOD CONDITION